MARC

LEADER 00000nam0a2200000 4500
001 150142
005 20231031150117.0
010 |a 5703000661 
020 |a RU  |b 89-6348 
035 |a (RuTPU)RU\TPU\book\162756 
090 |a 150142 
100 |a 20081226d1988 m y0rusy5003 ca 
101 0 |a rus 
102 |a RU 
105 |a a z 000ay 
200 1 |a Время не властно  |f Н. С. Семенов  |g худож. В. А. Жигарев 
210 |a Москва  |c Изд-во ДОСААФ СССР  |d 1988 
215 |a 414,[2] с., [8] л. ил.  |c ил.  |d 21 см 
601 0 2 |a Новгородская, Берлинская отдельная гвардейская танковая бригада (7)  |d (7) 
610 1 |a танкисты 
610 1 |a Великая Отечественная война 1941-1945 
610 1 |a советская литература 
610 1 |a повести 
675 |a Р2  |z rus 
700 1 |a Семенов  |b Н. С.  |g Николай Семенович  |4 070 
702 1 |a Жигарев  |b В. А.  |4 440 
801 0 |a RU  |b RuMRKP  |c 19950417  |g psbo 
801 1 |a RU  |b 63413507  |c 20081226  |g PSBO 
801 2 |a RU  |b 63413507  |c 20140226  |g PSBO 
942 |c BK